00597nam a22002057a 450000500170000001000130001702000110003003500130004103700160005404000120007008200160008210000160009824500740011426000380018827000550022630000200028150000520030165000240035365000140037720170124110153.0 aA-710110 c200.00 aA-710110 bCen Lib/Ret aDPLbEN a181.4bSHA  aShaha, S.M. aThe dialectic of knowledge and in Indian philosophy /cby S.M. Shaha  aDelhibEstern book linkers c1987 bDelhia5825, New chandrawal, Jawahar nagare110007 a278p.c22cm(Hb) aIncludes bibiliographical references and index  aPhilosophy zIndia  aDialectic